000 00475nam a2200181Ia 4500
003 OSt
005 20251127122853.0
008 250729s2005 xx 000 0 und d
040 _cAL
041 _akan
082 _a494.507 OBAB
100 _aಓಬಳೇಶಘಟ್ಟಿ ಆರ್
_9225121
245 _aಭಾಷೆ ಮತ್ತು ಕನ್ನಡ ಬೋಧನೆ
260 _aಗದಗ
_c2005
300 _a608p
650 _aKannada
_9225122
942 _2ddc
_cBED
999 _c236757
_d236757